| 000 | 00415nam a22001457a 4500 | ||
|---|---|---|---|
| 020 | _a9780123919212 | ||
| 082 |
_a664 _bKOS/FO |
||
| 245 | _aFood Industry Wastes Assessment And Recuperation of Commodities | ||
| 260 |
_aNew York _bAcademic Press _c2013 |
||
| 300 | _a312 | ||
| 490 | _aFood science and Technology, International Series | ||
| 700 |
_aKosseva,Maria.R _9418 |
||
| 700 |
_aWebb,Colin _9419 |
||
| 942 | _cREF | ||
| 999 |
_c14302 _d14302 |
||